Proceeding (Record no. 193462)

MARC details
000 -LEADER
fixed length control field 00801nam a2200253Ia 4500
003 - CONTROL NUMBER IDENTIFIER
control field OSt
005 - DATE AND TIME OF LATEST TRANSACTION
control field 20220918192139.0
008 - FIXED-LENGTH DATA ELEMENTS--GENERAL INFORMATION
fixed length control field 220917b |||||||| |||| 00| 0 eng d
037 ## - SOURCE OF ACQUISITION
Terms of availability Textual
040 ## - CATALOGING SOURCE
Original cataloging agency ARTS
Transcribing agency ARTS
Language of cataloging eng
041 ## - LANGUAGE CODE
Source of code eng
Language code of text/sound track or separate title eng
110 ## - MAIN ENTRY--CORPORATE NAME
Corporate name or jurisdiction name as entry element Winnipeg Conference On Human Action , 1975 (Winnipeg)
9 (RLIN) 78488
245 #0 - TITLE STATEMENT
Title Proceeding
Remainder of title action theory ed by Myles Brand and Douglas Walton
260 ## - PUBLICATION, DISTRIBUTION, ETC.
Place of publication, distribution, etc. Dordrecht
Name of publisher, distributor, etc. D Reidel
Date of publication, distribution, etc. 1976
300 ## - PHYSICAL DESCRIPTION
Extent vi,345p.
Dimensions cm.
490 ## - SERIES STATEMENT
Series statement Synthese library monographs on epistemology etc; 971
700 ## - ADDED ENTRY--PERSONAL NAME
Personal name Winnipeg Conference On Human Action , 1975 (Winnipeg)
9 (RLIN) 78489
942 ## - ADDED ENTRY ELEMENTS (KOHA)
Classification part R2p1,N75, L6
Koha item type Textual
Source of classification or shelving scheme Colon Classification (CC)
Holdings
Withdrawn status Lost status Damaged status Not for loan Home library Current library Date acquired Total Checkouts Full call number Barcode Date last seen Price effective from Koha item type
        Arts Library Arts Library 2022-09-18   R2p1,N75 L6 AL0312568 2022-09-18 2022-09-18 Textual
Copyright @ Delhi University Library System